000
00231 a2200097 4500
001
53177
100
_a
Frechette, K S
245
_a
Nuclear Power and Public Policy
260
_a
London
_b
D Reidal Pub. Co.
_c
090
_c
33463
_d
33463
942
_a
NUST-CAE
_c
M
_c
26073
999
_c
288250
_d
288250